Normal view
MARC view
Entry Personal Name
001 - CONTROL NUMBER
- control field: 853996
003 - CONTROL NUMBER IDENTIFIER
- control field: OSt
005 - DATE AND TIME OF LATEST TRANSACTION
- control field: 20251203111007.0
008 - FIXED-LENGTH DATA ELEMENTS
- fixed length control field: 251203|| aca||aabn | a|a d
040 ## - CATALOGING SOURCE
- Original cataloging agency: OSt
- Transcribing agency: OSt
100 ## - HEADING--PERSONAL NAME
- Personal name: Dajvi, Ali
670 ## - SOURCE DATA FOUND
- Source citation: Work cat.: (OSt)1465770: Dajvi, Ali, Mausua al-sanaat al-zaraiyat wa ghazaiya wa al-baiyat, 2008
